Property values suffer due to landfill sites (Record no. 72146)
[ view plain ]
| 000 -LEADER | |
|---|---|
| fixed length control field | 00968cam a2200181 4500 |
| 001 - CONTROL NUMBER | |
| control field | WB3908-16 |
| 008 - FIXED-LENGTH DATA ELEMENTS--GENERAL INFORMATION | |
| fixed length control field | 030225n2003 000 0 eng u |
| 035 ## - SYSTEM CONTROL NUMBER | |
| System control number | (Sirsi) u121415 |
| 245 ## - TITLE STATEMENT | |
| Title | Property values suffer due to landfill sites |
| 260 ## - PUBLICATION, DISTRIBUTION, ETC. | |
| Date of publication, distribution, etc. | 2003 |
| 490 ## - SERIES STATEMENT | |
| Series statement | DEFRA News Release |
| Volume/sequential designation | (64/03) 21 February 2003, (3) |
| 520 ## - SUMMARY, ETC. | |
| Summary, etc. | Defra has published the UK's first comprehensive analysis of the local nuisance effects of living close to landfill sites. Report finds that properties sited within half a mile of such a site will suffer from a significant loss in value. Table. Copies of "A study to estimate the disamenity costs of landfill in Great Britain" available to download from http://www.defra.gov.uk/environment/waste/landfill/disamenity.htm or t +44 (0)8459 335577 http://www.defra.gov.uk/news/2003/030221a.htm |
| 590 ## - LOCAL NOTE (RLIN) | |
| Local note | WB |
| 650 ## - SUBJECT ADDED ENTRY--TOPICAL TERM | |
| Topical term or geographic name entry element | LANDFILL SITES |
| 650 ## - SUBJECT ADDED ENTRY--TOPICAL TERM | |
| Topical term or geographic name entry element | PROPERTY VALUES |
| 690 ## - LOCAL SUBJECT ADDED ENTRY--TOPICAL TERM (OCLC, RLIN) | |
| Topical term or geographic name as entry element | ENVIRONMENTAL AND LAND CONSULTANCY |
| 942 ## - ADDED ENTRY ELEMENTS (KOHA) | |
| Suppress in OPAC | 0 |
| Withdrawn status | Lost status | Source of classification or shelving scheme | Damaged status | Not for loan | Home library | Current library | Shelving location | Date acquired | Total Checkouts | Full call number | Barcode | Date last seen | Copy number | Price effective from | Koha item type |
|---|---|---|---|---|---|---|---|---|---|---|---|---|---|---|---|
| Dewey Decimal Classification | London | London | News article | 25/02/2003 | WB3908-16 | 121415-1001 | 06/08/2019 | 1 | 06/08/2019 | News article |